000 00415nam a2200157 i 4500
001 33143
003 ES-MaACL
005 20230906154714.0
007 t|
008 030201s1965 sp ||||1| spa d
100 1 _aBernard, P. R.
_928253
245 1 3 _aEl misterio de Jesús /
_cP. R. Bernard.
260 _aBarcelona :
_bJuan Flors,
_c1965.
300 _a2 v. ;
_c24 cm.
852 _aES-MaACL
_jC-27189-90
_bR.56239
999 _c33143
_d33143